000 01208nam a22001697a 4500
003 SGT
020 _a9788125931287
082 _a547,VIS
100 _aVISHNOI K N
245 _aADVANCED PRACTICAL ORGANIC CHEMISTRY
250 _a3RD
260 _aNEW DELHI
_bVIKAS
_c2015
300 _a536
650 _aORGANIC CHEMISTRY
653 _a• GENERAL EXPERIMENTAL TECHNIQUES • SEPARATION OF MIXTURES • PRELIMINARY INVESTIGATIONS • DETECTION OF ELEMENTS • COMPOUNDS CONTAINING C AND H WITH OR WITHOUT O • COMPOUNDS CONTAINING S, C, H WITH OR WITHOUT O • COMPOUNDS CONTAINING N, C, H WITH OR WITHOUT O • COMPOUNDS CONTAINING HALOGEN (CL, BR OR I) C, H, WITH OR WITHOUT O • COMPOUNDS CONTAINING S, HALOGEN (CL, BR) C, H WITH OR WITHOUT O • COMPOUNDS CONTAINING N, HALOGEN (CL, BR, I) C, H, WITH OR WITHOUT O • COMPOUNDS CONTAINING N, S, C, H WITH OR WITHOUT O • COMPOUNDS CONTAINING N, S, CL, C, H AND O • MISCELLANEOUS COMPOUNDS• SIMPLE PREPARATIONS • TWO STEP PREPARATIONS • THREE STEP PREPARATIONS • BIOCHEMICAL PREPARATIONS• ESTIMATION OF ELEMENTS • MOLECULAR WEIGHT OF ORGANIC COMPOUNDS • ESTIMATION OF GROUPS • MISCELLANEOUS ESTIMATIONS
942 _2ddc
_cFPS
_02
999 _c9524
_d9524